000 00414nam a2200181Ia 4500
001 10866
005 20260306161903.0
008 260306t1941||||xx |||||||||||||| ||spa||
041 _aESP
082 _a980
_bG385
100 _aGunther, John
_eAUT
245 0 _aInside Latin America
260 _c1941
300 _axi, 498 páginas :
_c22 cm.
650 _aGEN
654 _aCHU
942 _cLIB
_dJUS
_fJUS
_2ddc
_n
999 _c10866
_d10866